LEADER 01059nam a2200265 i 4500 001 000000145228 003 CaOOAMICUS 005 20220513153640.0 008 051118s1962 it u000 u ita u 013 $a120620 040 $aSeMil$bita 100 1 $aMelville, Herman,$d<1819-1891>.$0(OLS)http://semarc/name/1208 240 10$aWhite-Jacket.$0(OLS)http://semarc/title/439989 245 10$aGiacchetta bianca :$bo del mondo di una nave da guerra /$cHerman Melville. 264 1$aFirenze :$bSansoni,$c1962. 300 $aXV, 412 p. ;$c23 cm. 541 0 $aFondo Ciprandi (1V IV 236) 650 4$aMelville, Herman <1819-1891> - Opere.$0(OLS)http://semarc/subject/30332 850 $aSeMil 852 $aSeMil$W1$xVenegono$y1$m1V IV 236$j98043$B98043$CSeMilBibl$Z2$F105927 $81 941 1 $a1 961 $aOmaggio: Ciprandi dott. Paolo 996 $6245$aGiacchetta bianca :$bo del mondo di una nave da guerra$9(OLS)http://semarc/title/212429 996 $6264$aFirenze :$bSansoni$9(OLS)http://semarc/publisher/29843 LEADER 01123nam a2200265 i 4500 001 000000157078 003 CaOOAMICUS 005 20061222000000.0 008 061222s1971 it u000 u ita u 013 $a134433 040 $aSeMil$bita 100 1 $aCro, Stelio.$0(OLS)http://semarc/name/61355 245 10$aJorge Luis Borges :$bpoeta, saggista e narratore /$cStelio Cro. 260 $aMilano :$bU. Mursia & C.,$c1971. 300 $a292 p. ;$c21 cm. 490 0 $aCiviltà letteraria del Novecento. Sezione iberica e ibero-americana ;$v3 500 $aFondo Ciprandi. 600 14$aBorges, Jorge Luis <1899-1986>.$0(OLS)http://semarc/subject/15608 830 0$aCiviltà letteraria del Novecento. Sezione iberica e ibero-americana ;$v3.$0(OLS)http://semarc/title/22543 850 $aSeMil 852 $aSeMil$W1$xVenegono$y1$m1U II 53$j108804$B108804$CSeMilBibl$Z2$F118360 $81 941 1 $a1 961 $aOmaggio: Ciprandi dott. Paolo 996 $6245$aJorge Luis Borges :$bpoeta, saggista e narratore$9(OLS)http://semarc/title/230347 996 $6260$aMilano :$bU. Mursia & C.$9(OLS)http://semarc/publisher/31860